000 00267cam a2200109ua 4500
082 _a621.3
_bKUZ/FU
100 _aKuznetsov, M .
_91763
245 _aFundamentals of Electrical Engineering /
260 _aMoscow :
_bPeace Publishers.
300 _a460 ; .
942 _cBK
999 _c4427
_d4427